[Event "42nd Bosna it"]
[Site "Sarajevo YUG"]
[Date "2012.05.09"]
[Round "7.1"]
[White "Melkumian, Hrant"]
[Black "Postny, Evgeny"]
[Result "0-1"]
[WhiteElo "2642"]
[BlackElo "2651"]
[EventDate "2012.05.05"]
[PlyCount "120"]

1.d4 d5 2.c4 dxc4 3.Nf3 Nf6 4.e3 e6 5.Bxc4 a6 6.Bb3 b5 7.a4 b4 8.O-O Bb7 
9.Nbd2 c5 10.e4 Nc6 11.e5 Nd5 12.dxc5 Bxc5 13.Ne4 Be7 14.Bg5 O-O 15.Nd6 
Rb8 16.Bxd5 exd5 17.Bxe7 Nxe7 18.Qd3 Qd7 19.Ng5 Ng6 20.f4 f6 21.Nxb7 fxg5 
22.Nc5 Qc6 23.Nxa6 Ra8 24.Nxb4 Qc5+ 25.Kh1 Qxb4 26.Qxd5+ Kh8 27.fxg5 Qxa4 
28.g3 Qxa1 29.Rxa1 Rxa1+ 30.Kg2 Re1 31.Qd2 Rxe5 32.h4 Rb8 33.Kh3 Reb5 34.
h5 Rxb2 35.Qe1 Nf8 36.h6 R2b7 37.Qe5 Rd8 38.Qc3 Rf7 39.Qe5 Kg8 40.Kg2 Rdd7
41.hxg7 Rxg7 42.Kh2 Rg6 43.Qa5 Ne6 44.Qa8+ Rd8 45.Qa2 Re8 46.Qa4 Kf8 47.
Qa3+ Re7 48.Qa8+ Kg7 49.Qa1+ Kf7 50.Qf1+ Kg8 51.Qc4 Rxg5 52.Qc8+ Nf8 53.
Qc4+ Rf7 54.Qb3 Nd7 55.Qe6 Kg7 56.Qe3 h6 57.Kh3 Ne5 58.Qe4 Rf3 59.Qb7+ Kg6
60.Qe4+ Kf6 0-1

[Event "42nd Bosna it"]
[Site "Sarajevo YUG"]
[Date "2012.05.09"]
[Round "7.2"]
[White "Nabaty, Tamir"]
[Black "Antipov, Mikhail"]
[Result "1/2-1/2"]
[WhiteElo "2553"]
[BlackElo "2433"]
[EventDate "2012.05.05"]
[PlyCount "135"]

1.c4 Nf6 2.Nf3 e6 3.Nc3 c5 4.g3 d5 5.cxd5 Nxd5 6.Qa4+ Nc6 7.Ne5 Nxc3 8.
dxc3 Qd5 9.Nf3 Bd7 10.e4 Qh5 11.Qd1 Be7 12.Bf4 f6 13.Be2 Qf7 14.e5 O-O-O 
15.Qc2 Qg6 16.O-O-O Rhf8 17.Qxg6 hxg6 18.h4 fxe5 19.Be3 b6 20.Nd2 Nb8 21.
Rhe1 Kc7 22.Kc2 Bf6 23.Bd3 Ba4+ 24.b3 Be8 25.a4 Nc6 26.Nc4 a5 27.Be4 Rxd1 
28.Rxd1 Ne7 29.Nd6 Nf5 30.Nxe8+ Rxe8 31.Bd2 Be7 32.Kd3 Rd8+ 33.Ke2 Rb8 34.
Bd3 Bf6 35.Rh1 Rh8 36.Be4 g5 37.hxg5 Rxh1 38.Bxh1 Be7 39.Be4 Nd6 40.Kd3 
Nf7 41.f4 Nd6 42.Bg6 c4+ 43.bxc4 Nb7 44.Ke2 Nc5 45.Bc2 Bd6 46.Be3 Kd7 47.
Kf3 Ke7 48.Kg4 Kf7 49.g6+ Ke7 50.f5 exf5+ 51.Kxf5 Ke8 52.Bg5 Bc7 53.Be4 
Kf8 54.Bc6 e4 55.Kg4 Ne6 56.Bh4 Nc5 57.Bb5 Ne6 58.Kh3 Be5 59.Bd7 Nc5 60.
Bc6 Bxc3 61.Bd8 e3 62.Bxb6 Bb4 63.Bf3 Nxa4 64.Bxe3 Bc5 65.Bd2 Bb4 66.Be3 
Bc5 67.Bd2 Bb4 68.Be3 1/2-1/2

[Event "42nd Bosna it"]
[Site "Sarajevo YUG"]
[Date "2012.05.09"]
[Round "7.3"]
[White "Palac, Mladen"]
[Black "Erdos, Viktor"]
[Result "1/2-1/2"]
[WhiteElo "2604"]
[BlackElo "2624"]
[EventDate "2012.05.05"]
[PlyCount "31"]

1.e4 e5 2.Nf3 Nc6 3.Bb5 a6 4.Ba4 Nf6 5.O-O Be7 6.Re1 b5 7.Bb3 d6 8.c3 O-O 
9.h3 Nb8 10.d3 Nbd7 11.Nbd2 Bb7 12.Nf1 Nc5 13.Bc2 Re8 14.Ng3 Bf8 15.Be3 g6
16.Qd2 1/2-1/2

[Event "42nd Bosna it"]
[Site "Sarajevo YUG"]
[Date "2012.05.09"]
[Round "7.4"]
[White "Djukic, Nikola"]
[Black "Ipatov, Alexander"]
[Result "1-0"]
[WhiteElo "2515"]
[BlackElo "2561"]
[EventDate "2012.05.05"]
[PlyCount "59"]

1.e4 c6 2.Nc3 d5 3.Nf3 a6 4.d4 Bg4 5.Be2 e6 6.O-O Nf6 7.e5 Bxf3 8.Bxf3 
Nfd7 9.Ne2 Be7 10.b3 b5 11.Be3 Nb6 12.Nf4 N8d7 13.Bg4 g6 14.Qf3 Nf8 15.Qh3
h5 16.Be2 Nh7 17.Nxg6 fxg6 18.Qxe6 Nf8 19.Qxc6+ Kf7 20.f4 Rc8 21.Qb7 Rxc2 
22.Bd3 Rc3 23.Rad1 Nc4 24.bxc4 bxc4 25.f5 gxf5 26.Rxf5+ Kg8 27.Rdf1 Ne6 
28.Qc6 Ng7 29.Qg6 cxd3 30.Qf7+ 1-0

[Event "42nd Bosna it"]
[Site "Sarajevo YUG"]
[Date "2012.05.09"]
[Round "7.5"]
[White "Cvitan, Ognjen"]
[Black "Kozul, Zdenko"]
[Result "1-0"]
[WhiteElo "2541"]
[BlackElo "2593"]
[EventDate "2012.05.05"]
[PlyCount "115"]

1.d4 Nf6 2.c4 g6 3.Nc3 Bg7 4.e4 d6 5.Nf3 O-O 6.Be2 e5 7.O-O Nbd7 8.Be3 c6 
9.d5 c5 10.Ne1 Kh8 11.Nd3 Ng8 12.Qd2 f5 13.f4 g5 14.fxg5 f4 15.Bf2 a6 16.
Bh4 Bh6 17.g3 Bxg5 18.Bxg5 Qxg5 19.Kh1 Qh6 20.gxf4 b5 21.cxb5 axb5 22.Nxb5
Ra4 23.b3 Rxe4 24.Bf3 Ndf6 25.Nxd6 Rd4 26.Qe3 exf4 27.Qe2 Ba6 28.Nc4 Bxc4 
29.bxc4 Re8 30.Ne5 Qf8 31.Rae1 Ne4 32.Qg2 Rxe5 33.Rxe4 Rexe4 34.Bxe4 Rxc4 
35.Bxh7 Qg7 36.Bxg8 Qxg2+ 37.Kxg2 Kxg8 38.Kf3 Kf7 39.h4 Rd4 40.Kg4 Rxd5 
41.Rxf4+ Kg7 42.a4 c4 43.Rxc4 Ra5 44.Rf4 Re5 45.Kf3 Kg6 46.Rb4 Rh5 47.Ke3 
Kf6 48.Re4 Ra5 49.Kd3 Kf5 50.Rc4 Ke6 51.Kc3 Rf5 52.Kb4 Rf1 53.Kb5 Kd5 54.
a5 Rf8 55.Rc5+ Kd6 56.Rc6+ Kd7 57.a6 Rb8+ 58.Rb6 1-0

[Event "42nd Bosna it"]
[Site "Sarajevo YUG"]
[Date "2012.05.09"]
[Round "7.6"]
[White "Bogut, Zeljko"]
[Black "Kurajica, Bojan"]
[Result "1/2-1/2"]
[WhiteElo "2426"]
[BlackElo "2556"]
[EventDate "2012.05.05"]
[PlyCount "20"]

1.d4 d5 2.c4 e6 3.Nc3 Be7 4.Nf3 Nf6 5.Bg5 h6 6.Bh4 O-O 7.e3 b6 8.Bxf6 Bxf6
9.cxd5 exd5 10.Bd3 Bb7 1/2-1/2

[Event "42nd Bosna it"]
[Site "Sarajevo YUG"]
[Date "2012.05.09"]
[Round "7.7"]
[White "Savic, Miodrag"]
[Black "Yilmaz, Mustafa"]
[Result "1/2-1/2"]
[WhiteElo "2515"]
[BlackElo "2536"]
[EventDate "2012.05.05"]
[PlyCount "40"]

1.e4 c5 2.c3 Nf6 3.e5 Nd5 4.Nf3 e6 5.d4 cxd4 6.cxd4 d6 7.Bc4 Nc6 8.O-O Nb6
9.Bb5 Bd7 10.Nc3 dxe5 11.dxe5 Nb4 12.Bg5 Be7 13.Bxd7+ Qxd7 14.Ne4 Qxd1 15.
Rfxd1 h6 16.Bxe7 Kxe7 17.a3 N4d5 18.Rac1 Rhd8 19.g3 Nd7 20.Kf1 Rac8 
1/2-1/2

[Event "42nd Bosna it"]
[Site "Sarajevo YUG"]
[Date "2012.05.09"]
[Round "7.8"]
[White "Pancevski, Filip"]
[Black "Predojevic, Borki"]
[Result "1/2-1/2"]
[WhiteElo "2473"]
[BlackElo "2637"]
[EventDate "2012.05.05"]
[PlyCount "60"]

1.e4 e5 2.Nf3 Nc6 3.Bb5 a6 4.Ba4 Nf6 5.d3 b5 6.Bb3 Be7 7.O-O O-O 8.Re1 d6 
9.c3 Na5 10.Bc2 c5 11.Nbd2 Nc6 12.a4 Be6 13.h3 Rc8 14.axb5 axb5 15.Nf1 Nd7
16.Ne3 Nb6 17.Ra6 Qc7 18.Bb3 c4 19.Bc2 cxd3 20.Qxd3 Bc4 21.Nxc4 bxc4 22.
Qe2 Ra8 23.Rxa8 Rxa8 24.Be3 Ra2 25.Bb1 Ra1 26.Bxb6 Qxb6 27.Qxc4 Qxb2 28.
Qxc6 Rxb1 29.Rxb1 Qxb1+ 30.Kh2 Qc2 1/2-1/2

[Event "42nd Bosna it"]
[Site "Sarajevo YUG"]
[Date "2012.05.09"]
[Round "7.9"]
[White "Nikolova, Adriana"]
[Black "Beliavsky, Alexander"]
[Result "0-1"]
[WhiteElo "2345"]
[BlackElo "2613"]
[EventDate "2012.05.05"]
[PlyCount "120"]

1.e4 e5 2.Nf3 Nc6 3.Nc3 d6 4.Bb5 a6 5.Bxc6+ bxc6 6.d4 f6 7.h3 g6 8.Be3 Nh6
9.dxe5 fxe5 10.Qd2 Nf7 11.Ng5 Bg7 12.Nxf7 Kxf7 13.h4 h5 14.O-O-O Be6 15.f3
Qb8 16.g4 Qb4 17.gxh5 Rxh5 18.Rdg1 Rg8 19.a3 Qb8 20.Ne2 Rgh8 21.Qe1 Bf6 
22.Bg5 Bxg5+ 23.hxg5 Qb6 24.Ng3 Rb8 25.Qc3 Rh3 26.Ne2 Rbh8 27.Rxh3 Rxh3 
28.Rf1 Ke7 29.b3 Kd7 30.Kd2 Rh2 31.Kd1 Bh3 32.Re1 Qf2 33.Kd2 Bg2 34.Qe3 
Qxf3 35.Qxf3 Bxf3 36.Ke3 Bg4 37.Kd3 d5 38.Nc3 Kd6 39.Rf1 d4 40.Rf6+ Kd7 
41.Na4 Be2+ 42.Kd2 Bb5+ 43.Kc1 Bxa4 44.bxa4 Re2 45.Rxg6 Rxe4 46.a5 Rg4 47.
Rg8 e4 48.g6 e3 49.Kd1 Rg2 50.g7 c5 51.Ke1 c4 52.Kf1 Rg4 53.Ke2 Rg3 54.a4 
Rg1 55.Kf3 Rg6 56.c3 dxc3 57.Kxe3 Rg1 58.Rf8 c2 59.Rf7+ Kd6 60.Rf6+ Ke5 
0-1

[Event "42nd Bosna it"]
[Site "Sarajevo YUG"]
[Date "2012.05.09"]
[Round "7.10"]
[White "Banusz, Tamas"]
[Black "Lajthajm, Borko"]
[Result "1/2-1/2"]
[WhiteElo "2582"]
[BlackElo "2493"]
[EventDate "2012.05.05"]
[PlyCount "104"]

1.Nf3 Nf6 2.c4 c6 3.d4 d5 4.Nc3 e6 5.e3 a6 6.Qc2 Nbd7 7.Bd2 dxc4 8.a4 c5 
9.Bxc4 cxd4 10.exd4 Bd6 11.O-O Qc7 12.Bd3 b6 13.Rac1 Bb7 14.Nb5 Qb8 15.
Nxd6+ Qxd6 16.Qc7 Qxc7 17.Rxc7 Bxf3 18.gxf3 Nd5 19.Rb7 N7f6 20.Rc1 O-O 21.
b4 h6 22.f4 b5 23.axb5 axb5 24.Rxb5 Ra2 25.Rc2 Ra1+ 26.Rc1 Ra2 27.Rd1 Ra3 
28.Bc4 Nc3 29.Bxc3 Rxc3 30.Bf1 g6 31.Rc5 Rb3 32.b5 Rb4 33.Bg2 Rd8 34.d5 
exd5 35.f5 gxf5 36.Bxd5 Kg7 37.Rd3 Nh5 38.h3 Nf4 39.Rg3+ Kf6 40.Bc4 Rd1+ 
41.Kh2 Rbb1 42.Rc6+ Ne6 43.Bxe6 Rh1+ 44.Kg2 fxe6 45.b6 f4 46.Rg4 Kf5 47.
Rh4 Rhg1+ 48.Kf3 Rb3+ 49.Ke2 e5 50.Rh5+ Ke4 51.Rc4+ Kd5 52.Rxf4 Rxb6 
1/2-1/2

[Event "42nd Bosna it"]
[Site "Sarajevo YUG"]
[Date "2012.05.09"]
[Round "7.11"]
[White "Stojanovic, Dalibor"]
[Black "Brkic, Ante"]
[Result "1/2-1/2"]
[WhiteElo "2485"]
[BlackElo "2569"]
[EventDate "2012.05.05"]
[PlyCount "103"]

1.e4 c5 2.Nf3 d6 3.d4 cxd4 4.Nxd4 Nf6 5.Nc3 a6 6.Be2 e5 7.Nb3 Be7 8.Be3 
Be6 9.Nd5 Nbd7 10.Qd3 O-O 11.O-O Bxd5 12.exd5 Qc7 13.c4 a5 14.Rac1 b6 15.
Nd2 Nc5 16.Qb1 Nfd7 17.Bg4 g6 18.Bxd7 Qxd7 19.a3 a4 20.Bxc5 bxc5 21.Ne4 f5
22.Nc3 Bg5 23.Rcd1 Rfb8 24.Nb5 Rxb5 25.cxb5 Qxb5 26.Qc2 Rb8 27.Rd3 e4 28.
Rh3 Bf6 29.g4 Qxb2 30.Qxa4 fxg4 31.Re3 Qd4 32.Rxe4 Qxd5 33.Re8+ Rxe8 34.
Qxe8+ Kg7 35.Qd7+ Kh6 36.Qxg4 Be5 37.Re1 c4 38.Qh4+ Kg7 39.Qe7+ Kh6 40.
Qh4+ Kg7 41.Qe4 Qd2 42.Rb1 c3 43.Rb7+ Kf6 44.Qf3+ Bf4 45.Rb4 g5 46.Qh5 c2 
47.Qh6+ Ke5 48.Qg7+ Ke6 49.Qg8+ Kf6 50.Qf8+ Kg6 51.Qg8+ Kf6 52.Qf8+ 
1/2-1/2

[Event "42nd Bosna it"]
[Site "Sarajevo YUG"]
[Date "2012.05.09"]
[Round "7.12"]
[White "Jankovic, Alojzije"]
[Black "Tomic, Bosko"]
[Result "1-0"]
[WhiteElo "2564"]
[BlackElo "2418"]
[EventDate "2012.05.05"]
[PlyCount "61"]

1.d4 Nf6 2.c4 g6 3.Nc3 Bg7 4.e4 O-O 5.Nf3 d6 6.h3 e5 7.d5 a5 8.Bg5 Na6 9.
Nd2 c6 10.Be2 Bd7 11.O-O Nc5 12.b3 h6 13.Be3 Qb8 14.a3 Rc8 15.b4 cxd5 16.
exd5 axb4 17.axb4 Na6 18.Qb3 b5 19.cxb5 Rxc3 20.Qxc3 Nxd5 21.Qb3 Naxb4 22.
Rxa8 Qxa8 23.b6 Bc6 24.Nc4 Bb5 25.b7 Qb8 26.Bd2 Bc6 27.Na5 Bxb7 28.Nxb7 
Qxb7 29.Bxb4 Nxb4 30.Rb1 Qe4 31.Bf3 1-0

[Event "42nd Bosna it"]
[Site "Sarajevo YUG"]
[Date "2012.05.09"]
[Round "7.13"]
[White "Kovacevic, Aleksandar"]
[Black "Dizdarevic, Emir"]
[Result "1/2-1/2"]
[WhiteElo "2557"]
[BlackElo "2462"]
[EventDate "2012.05.05"]
[PlyCount "55"]

1.e4 c6 2.d4 d5 3.exd5 cxd5 4.c4 Nf6 5.Nc3 Nc6 6.Nf3 g6 7.cxd5 Nxd5 8.Qb3 
e6 9.Bb5 Bg7 10.Bg5 Qb6 11.Nxd5 exd5 12.Bxc6+ bxc6 13.Qa3 f6 14.O-O Kf7 
15.Rfe1 Qb7 16.Bf4 Bg4 17.Nd2 Rhe8 18.Nb3 g5 19.Bd6 Qd7 20.Bg3 Bf8 21.Nc5 
Rxe1+ 22.Rxe1 Bxc5 23.Qxc5 Re8 24.Rxe8 Kxe8 25.h3 Bf5 26.Bb8 a6 27.Qa3 Qc8
28.Bg3 1/2-1/2

[Event "42nd Bosna it"]
[Site "Sarajevo YUG"]
[Date "2012.05.09"]
[Round "7.14"]
[White "Smith, Bryan Garrett"]
[Black "Rasidovic, Sead"]
[Result "1-0"]
[WhiteElo "2444"]
[BlackElo "2359"]
[EventDate "2012.05.05"]
[PlyCount "109"]

1.e4 e6 2.d4 d5 3.Nd2 Nf6 4.e5 Nfd7 5.f4 c5 6.Ngf3 Nc6 7.Nb3 b6 8.c3 Be7 
9.h4 Bb7 10.Be2 Qc7 11.Be3 O-O-O 12.Qc2 f6 13.h5 Rdf8 14.h6 g6 15.exf6 
Rxf6 16.O-O-O c4 17.Nbd2 b5 18.Ng5 b4 19.Bg4 Nf8 20.Qa4 Kb8 21.Ndf3 Rxf4 
22.Bh3 Rf6 23.Rhf1 Qb6 24.Bg1 Ba6 25.Rfe1 Bb5 26.Qc2 Qa5 27.Bh2+ Ka8 28.
Be5 Qxa2 29.Bxf6 Bxf6 30.Nxe6 Ba4 31.Qb1 Qxb1+ 32.Kxb1 Bxd1 33.Nc7+ Kb7 
34.Nxd5 Bd8 35.Rxd1 g5 36.Bf5 Rg8 37.Be4 Kb8 38.Ne3 Ne7 39.Nxc4 Nd7 40.
Nfe5 Nf6 41.Bd3 Bc7 42.Kc2 Bxe5 43.Nxe5 Ned5 44.Kd2 Kc7 45.Ra1 Kb7 46.Rf1 
Nf4 47.g3 N4h5 48.Rf5 g4 49.Kc2 Kc7 50.Bc4 Rb8 51.Bf7 b3+ 52.Kd3 Nxg3 53.
Rxf6 Nh1 54.Nxg4 a5 55.Ne5 1-0

[Event "42nd Bosna it"]
[Site "Sarajevo YUG"]
[Date "2012.05.09"]
[Round "7.15"]
[White "Arsovic, Zoran"]
[Black "Sutkovic, Damir"]
[Result "1-0"]
[WhiteElo "2455"]
[BlackElo "2357"]
[EventDate "2012.05.05"]
[PlyCount "105"]

1.Nf3 d6 2.d4 Nf6 3.c4 g6 4.Nc3 Bf5 5.h3 Bg7 6.g4 Bd7 7.Bg2 O-O 8.Bg5 c5 
9.dxc5 dxc5 10.Ne5 Qc8 11.Nxd7 Nbxd7 12.Qb3 Rb8 13.O-O Re8 14.Bf4 e5 15.
Bg3 a6 16.a4 h6 17.Rad1 Qc7 18.Rd2 Nf8 19.Rfd1 Ne6 20.e3 b6 21.Rd6 Nd8 22.
f4 exf4 23.Bxf4 g5 24.Bh2 Qa7 25.Nd5 Ne4 26.Bxe4 Rxe4 27.Rd7 Qxd7 28.Nf6+ 
Bxf6 29.Rxd7 Rc8 30.Qxb6 Re6 31.Rd6 Rxd6 32.Qxd6 Rc6 33.Qd7 Re6 34.Kf2 Nc6
35.Bd6 Ne5 36.Bxe5 Bxe5 37.b3 Bd6 38.Kf3 Kg7 39.a5 Bf8 40.Qc8 Be7 41.e4 
Rf6+ 42.Kg2 Re6 43.Kf3 Rf6+ 44.Ke2 Rd6 45.e5 Re6 46.Kd3 Bf8 47.Ke4 Be7 48.
Kd5 Bf8 49.b4 cxb4 50.c5 b3 51.Qb8 Be7 52.c6 b2 53.c7 1-0

[Event "42nd Bosna it"]
[Site "Sarajevo YUG"]
[Date "2012.05.09"]
[Round "7.16"]
[White "Kadric, Denis"]
[Black "Bejtovic, Jasmin"]
[Result "0-1"]
[WhiteElo "2407"]
[BlackElo "2391"]
[EventDate "2012.05.05"]
[PlyCount "72"]

1.e4 c5 2.Nc3 Nc6 3.f4 g6 4.Nf3 Bg7 5.Bb5 Nd4 6.O-O Nxb5 7.Nxb5 d5 8.e5 
Bg4 9.d4 a6 10.Nc3 cxd4 11.Qxd4 Bxf3 12.Rxf3 e6 13.Na4 Ne7 14.Nb6 Rb8 15.
b3 O-O 16.Ba3 f6 17.Bxe7 Qxe7 18.Re1 fxe5 19.fxe5 Rxf3 20.gxf3 Rf8 21.c4 
Rxf3 22.cxd5 Qg5+ 23.Kh1 Bxe5 24.Qg1 Qxg1+ 25.Kxg1 Bd4+ 26.Kg2 Rf2+ 27.Kg3
Rxa2 28.Rxe6 Ra3 29.Nc4 Rxb3+ 30.Kg2 Rc3 31.Nd6 Rc2+ 32.Kg3 Rc7 33.Kf4 Bg1
34.Re8+ Kg7 35.Re2 Rd7 36.Ke5 Re7+ 0-1

[Event "42nd Bosna it"]
[Site "Sarajevo YUG"]
[Date "2012.05.09"]
[Round "7.17"]
[White "Nestorovic, Dejan"]
[Black "Batricevic, Sasa"]
[Result "1-0"]
[WhiteElo "2390"]
[BlackElo "2224"]
[EventDate "2012.05.05"]
[PlyCount "105"]

1.d4 d5 2.c4 e6 3.Nc3 c5 4.cxd5 exd5 5.Nf3 Nc6 6.dxc5 d4 7.Na4 Bxc5 8.Nxc5
Qa5+ 9.Qd2 Qxc5 10.e3 dxe3 11.Qxe3+ Qxe3+ 12.Bxe3 Nge7 13.Bb5 O-O 14.O-O 
Be6 15.Rfd1 Rfd8 16.a3 h6 17.b4 Nd5 18.Bxc6 Nxe3 19.Rxd8+ Rxd8 20.fxe3 
bxc6 21.Nd4 Bd5 22.Rc1 Rd6 23.Rc5 a6 24.g3 Kf8 25.Kf2 h5 26.Ke2 g6 27.Kd3 
f5 28.Kc3 Bg2 29.Re5 Kf7 30.Ra5 Bf1 31.h4 Kf6 32.Rc5 Bg2 33.Kb3 Bd5+ 34.
Kc3 Bg2 35.Kd2 Bd5 36.Ke1 Be4 37.Kf2 g5 38.Ke1 gxh4 39.gxh4 Bd5 40.Ne2 Ke5
41.Nf4 Ke4 42.Kf2 Bb3 43.Nxh5 Rd2+ 44.Kg3 Rd3 45.Nf6+ Kxe3 46.Rxf5 Ke2+ 
47.Kf4 Ba4 48.h5 Rxa3 49.h6 Bc2 50.Rh5 Ra4 51.Rh2+ Kd1 52.Rxc2 Rxb4+ 53.
Kg5 1-0

[Event "42nd Bosna it"]
[Site "Sarajevo YUG"]
[Date "2012.05.09"]
[Round "7.18"]
[White "Nestorovic, Lazar"]
[Black "Ivanov, Stojan"]
[Result "1-0"]
[WhiteElo "2365"]
[BlackElo "2263"]
[EventDate "2012.05.05"]
[PlyCount "97"]

1.e4 c5 2.Nf3 a6 3.Nc3 d6 4.d4 cxd4 5.Nxd4 e6 6.Be3 Nd7 7.Qd2 Ngf6 8.f3 
Qc7 9.g4 Ne5 10.O-O-O Be7 11.h4 b5 12.a3 Rb8 13.g5 Nh5 14.Rg1 O-O 15.f4 
Nc4 16.Bxc4 bxc4 17.Kb1 Qb7 18.Qc1 d5 19.Ka1 dxe4 20.Nde2 Rd8 21.Bd4 Bd7 
22.Be5 Rbc8 23.Qe3 Bc6 24.Nd4 Bc5 25.Nce2 Qb6 26.Qc3 Bb5 27.f5 Rd5 28.g6 
hxg6 29.fxe6 f6 30.Bh2 Rcd8 31.e7 Bxe7 32.Rxg6 Bc5 33.Bg1 Kh7 34.Rg4 Bd7 
35.Rg2 Be8 36.Qe3 Bxd4 37.Nxd4 Rxd4 38.Rxd4 Qxd4 39.Qxd4 Rxd4 40.Bxd4 f5 
41.Be3 Nf6 42.Kb1 Bh5 43.Kc1 Bf3 44.Rg1 Nd5 45.Bd4 g6 46.Kd2 Kh6 47.b3 
cxb3 48.c4 Nf4 49.Be3 1-0

[Event "42nd Bosna it"]
[Site "Sarajevo YUG"]
[Date "2012.05.09"]
[Round "7.19"]
[White "Kharmunova, Nadezhda"]
[Black "Kamberovic, Senad"]
[Result "1/2-1/2"]
[WhiteElo "2227"]
[BlackElo "2280"]
[EventDate "2012.05.05"]
[PlyCount "111"]

1.d4 Nf6 2.c4 e5 3.dxe5 Ne4 4.Qc2 Bb4+ 5.Nd2 d5 6.a3 Bxd2+ 7.Bxd2 Bf5 8.
Qa4+ Nc6 9.Nf3 O-O 10.Be3 d4 11.Rd1 dxe3 12.Rxd8 exf2+ 13.Kd1 Rfxd8+ 14.
Kc1 Nc5 15.Qb5 Na5 16.Nd2 b6 17.g4 Rxd2 18.Kxd2 Be4 19.Ke3 Bxh1 20.Kxf2 
Rd8 21.Bg2 Bxg2 22.Kxg2 a6 23.Qb4 Rd4 24.h3 h5 25.Qc3 Ne6 26.e3 Rxc4 27.
Qd3 b5 28.gxh5 Nc6 29.Qf5 Rc5 30.h6 gxh6 31.Qg4+ Kf8 32.Qh4 Nxe5 33.Qxh6+ 
Kg8 34.Qf6 Ng6 35.Kh2 Rh5 36.Qf3 Rh4 37.Qa8+ Kg7 38.Qxa6 Ng5 39.Qxb5 Rxh3+
40.Kg2 Nh4+ 41.Kf1 Nhf3 42.Kg2 c5 43.a4 Nh4+ 44.Kf1 Rh2 45.Qxc5 Nhf3 46.
Qc3+ Kg6 47.a5 f6 48.Qd3+ f5 49.Qd6+ Kh5 50.Qf4 Rd2 51.Qxf5 Kh4 52.Qf4+ 
Kh3 53.Qf5+ Kh2 54.Qf6 Kh1 55.Qc6 Kh2 56.Qc3 1/2-1/2

[Event "42nd Bosna it"]
[Site "Sarajevo YUG"]
[Date "2012.05.10"]
[Round "8.1"]
[White "Postny, Evgeny"]
[Black "Erdos, Viktor"]
[Result "1/2-1/2"]
[WhiteElo "2651"]
[BlackElo "2624"]
[EventDate "2012.05.05"]
[PlyCount "50"]

1.d4 Nf6 2.c4 g6 3.Nc3 d5 4.Nf3 Bg7 5.Qa4+ Bd7 6.Qb3 dxc4 7.Qxc4 O-O 8.e4 
Bg4 9.Be3 Nfd7 10.Be2 Nb6 11.Qd3 Nc6 12.Rd1 Qc8 13.Qc2 Rd8 14.d5 Bxf3 15.
Bxf3 Ne5 16.Be2 c6 17.Qb3 cxd5 18.Bxb6 axb6 19.Nxd5 Qc5 20.O-O Nc6 21.Rc1 
Qd6 22.Qxb6 e6 23.Nc3 Bxc3 24.bxc3 Rxa2 25.Rcd1 Qe7 1/2-1/2

[Event "42nd Bosna it"]
[Site "Sarajevo YUG"]
[Date "2012.05.10"]
[Round "8.2"]
[White "Antipov, Mikhail"]
[Black "Melkumian, Hrant"]
[Result "1-0"]
[WhiteElo "2433"]
[BlackElo "2642"]
[EventDate "2012.05.05"]
[PlyCount "151"]

1.e4 e5 2.Nf3 Nc6 3.Bc4 Bc5 4.c3 Nf6 5.d3 d6 6.O-O a6 7.Bb3 h6 8.h3 O-O 9.
Re1 Re8 10.Nbd2 Be6 11.Nc4 Qd7 12.Be3 Rad8 13.Bxc5 Bxc4 14.dxc4 dxc5 15.
Qxd7 Nxd7 16.Ba4 Na5 17.Bxd7 Rxd7 18.b3 Rd3 19.Rac1 b5 20.cxb5 axb5 21.
Red1 Rd6 22.Rxd6 cxd6 23.Rd1 Nb7 24.a4 bxa4 25.bxa4 Ra8 26.Rb1 Na5 27.Nd2 
Kf8 28.Kf1 Ke7 29.Ke2 g6 30.Kd3 f5 31.f3 Kd7 32.Ra1 Kc7 33.Nc4 Nc6 34.a5 
Ra7 35.g4 f4 36.h4 Ne7 37.Ra2 Nc6 38.Ra3 Ne7 39.Ra1 Nc6 40.h5 g5 41.Kc2 
Ne7 42.Rd1 Nc6 43.Nxd6 Rxa5 44.Kb3 Nd8 45.Ne8+ Kc8 46.Nd6+ Kc7 47.Nc4 Rb5+
48.Kc2 Nf7 49.Rd5 Kc6 50.Nxe5+ Nxe5 51.Rxe5 Kd6 52.Rd5+ Ke6 53.Kd3 Kf6 54.
Kc4 Ra5 55.Rxc5 Ra1 56.Rd5 Ke6 57.Rd3 Ra8 58.Kb3 Rb8+ 59.Kc2 Rc8 60.Rd4 
Ke5 61.Rd5+ Ke6 62.Ra5 Rc7 63.e5 Rd7 64.Ra6+ Kxe5 65.Rxh6 Kd5 66.Rg6 Kc4 
67.Rc6+ Kd5 68.Ra6 Re7 69.Ra5+ Kc4 70.Ra4+ Kc5 71.Re4 Ra7 72.Kd3 Rd7+ 73.
Kc2 Ra7 74.h6 Kd5 75.Kd3 Rh7 76.Ra4 1-0

[Event "42nd Bosna it"]
[Site "Sarajevo YUG"]
[Date "2012.05.10"]
[Round "8.3"]
[White "Nabaty, Tamir"]
[Black "Palac, Mladen"]
[Result "1/2-1/2"]
[WhiteElo "2553"]
[BlackElo "2604"]
[EventDate "2012.05.05"]
[PlyCount "58"]

1.d4 Nf6 2.Bg5 d5 3.e3 c5 4.Bxf6 gxf6 5.Nc3 e6 6.Qh5 cxd4 7.exd4 Bb4 8.Bd3
Nd7 9.g4 Nb6 10.Ne2 Bd7 11.a3 Be7 12.f4 Qc7 13.Rf1 Bc6 14.Rf3 a6 15.Re3 
O-O-O 16.Qxf7 e5 17.fxe5 fxe5 18.Qe6+ Kb8 19.Qxe5 Bd6 20.Qh5 Be8 21.Qh4 
Bxh2 22.O-O-O Bd6 23.Re6 h5 24.g5 Bd7 25.Rh6 Bg4 26.Rxh8 Rxh8 27.Rg1 Qd8 
28.Rxg4 hxg4 29.Qxg4 Rh1+ 1/2-1/2

[Event "42nd Bosna it"]
[Site "Sarajevo YUG"]
[Date "2012.05.10"]
[Round "8.4"]
[White "Djukic, Nikola"]
[Black "Cvitan, Ognjen"]
[Result "1/2-1/2"]
[WhiteElo "2515"]
[BlackElo "2541"]
[EventDate "2012.05.05"]
[PlyCount "24"]

1.e4 c5 2.Nf3 d6 3.d4 cxd4 4.Nxd4 Nf6 5.Nc3 g6 6.Be3 Bg7 7.f3 Nc6 8.Bc4 
O-O 9.Bb3 Na5 10.Qd2 Bd7 11.Bh6 Nxb3 12.axb3 Bxh6 1/2-1/2

[Event "42nd Bosna it"]
[Site "Sarajevo YUG"]
[Date "2012.05.10"]
[Round "8.6"]
[White "Kurajica, Bojan"]
[Black "Jankovic, Alojzije"]
[Result "1-0"]
[WhiteElo "2556"]
[BlackElo "2564"]
[EventDate "2012.05.05"]
[PlyCount "125"]

1.d4 Nf6 2.Nf3 g6 3.c4 Bg7 4.g3 d5 5.cxd5 Nxd5 6.Bg2 Nb6 7.O-O Nc6 8.e3 
O-O 9.Nc3 Bd7 10.b3 Qc8 11.Ba3 Bh3 12.Rc1 Rd8 13.Qe2 e5 14.Nxe5 Nxe5 15.
dxe5 Bxe5 16.Bb2 Bxg2 17.Kxg2 Qe6 18.e4 Rd7 19.Rfd1 Bd4 20.Na4 Bxb2 21.
Nxb2 Rxd1 22.Rxd1 a5 23.Nd3 a4 24.Nc5 Qe5 25.Qe3 axb3 26.axb3 Re8 27.Rd2 
h5 28.f3 Rb8 29.h4 Qe7 30.Qd4 c6 31.Qb4 Qc7 32.f4 Ra8 33.Qc3 Rd8 34.Rxd8+ 
Qxd8 35.Nxb7 Qd1 36.Nc5 Qe2+ 37.Kg1 Nd7 38.Nxd7 Qd1+ 39.Kf2 Qxd7 40.Ke2 
Qh3 41.Qe3 Qd7 42.Qd3 Qe7 43.e5 Qa3 44.Qc2 Qa6+ 45.Qd3 Qa2+ 46.Kf3 Kg7 47.
Qc3 Kg8 48.Qd3 Kg7 49.Ke4 Qa1 50.Kf3 Qb2 51.Ke3 Kh7 52.e6 fxe6 53.Qd7+ Kh6
54.Qxe6 Qg2 55.Qf6 Qxg3+ 56.Kd4 Qg1+ 57.Ke5 Qc5+ 58.Ke6 Qd5+ 59.Ke7 Qc5+ 
60.Kf7 Qd5+ 61.Kf8 Qc5+ 62.Kg8 Qd5+ 63.Kh8 1-0

[Event "42nd Bosna it"]
[Site "Sarajevo YUG"]
[Date "2012.05.10"]
[Round "8.7"]
[White "Ipatov, Alexander"]
[Black "Bogut, Zeljko"]
[Result "1-0"]
[WhiteElo "2561"]
[BlackElo "2426"]
[EventDate "2012.05.05"]
[PlyCount "81"]

1.c4 e5 2.Nc3 Nf6 3.Nf3 Nc6 4.d4 exd4 5.Nxd4 Bb4 6.Bg5 h6 7.Bh4 O-O 8.Rc1 
g5 9.Bg3 d5 10.Nxc6 bxc6 11.e3 Re8 12.Be2 Ne4 13.O-O Bxc3 14.bxc3 Nxg3 15.
hxg3 Be6 16.Qa4 Qd6 17.Rfd1 Red8 18.Qa5 Rab8 19.Rd2 Rb7 20.Rcd1 Qe5 21.Rd4
Rdb8 22.cxd5 cxd5 23.c4 c6 24.Bf3 Kg7 25.a4 h5 26.cxd5 cxd5 27.Bxd5 Rb2 
28.Qe1 Bg4 29.Bf3 Bxf3 30.gxf3 Ra2 31.Rd5 Qf6 32.Qa5 Qxf3 33.Rxg5+ Kh6 34.
Rd6+ f6 35.Rxh5+ Qxh5 36.Rxf6+ Kg7 37.Qxh5 Rb1+ 38.Kg2 Kxf6 39.Qh4+ Kg7 
40.Qg5+ Kh8 41.Qh6+ 1-0

[Event "42nd Bosna it"]
[Site "Sarajevo YUG"]
[Date "2012.05.10"]
[Round "8.9"]
[White "Predojevic, Borki"]
[Black "Kovacevic, Aleksandar"]
[Result "1-0"]
[WhiteElo "2637"]
[BlackElo "2557"]
[EventDate "2012.05.05"]
[PlyCount "83"]

1.e4 c5 2.Nf3 d6 3.d4 cxd4 4.Qxd4 Nc6 5.Bb5 Bd7 6.Bxc6 Bxc6 7.c4 Nf6 8.Nc3
g6 9.O-O Bg7 10.Qd3 O-O 11.Nd4 Rc8 12.b3 a6 13.Bb2 Qa5 14.Rfe1 e6 15.Rad1 
Rfd8 16.Re2 Be8 17.a4 Qb6 18.Qc2 Nd7 19.Nf3 Nc5 20.Nd2 Bc6 21.h3 Bh6 22.
Ncb1 e5 23.Ba3 Rd7 24.Nc3 Ne6 25.Nf3 Qd8 26.g3 b5 27.axb5 axb5 28.Qd3 bxc4
29.bxc4 Qa5 30.Nd5 Bxd5 31.cxd5 Rc3 32.dxe6 Rxd3 33.exf7+ Kxf7 34.Rxd3 Qb5
35.Ne1 Ra7 36.Bxd6 Ra1 37.Kg2 Rxe1 38.Rf3+ Ke6 39.Rxe1 Kxd6 40.Rf7 Bd2 41.
Ra1 Qc4 42.Ra6+ 1-0

[Event "42nd Bosna it"]
[Site "Sarajevo YUG"]
[Date "2012.05.10"]
[Round "8.10"]
[White "Kozul, Zdenko"]
[Black "Arsovic, Zoran"]
[Result "1-0"]
[WhiteElo "2593"]
[BlackElo "2455"]
[EventDate "2012.05.05"]
[PlyCount "126"]

1.d4 Nf6 2.c4 e6 3.Nf3 Bb4+ 4.Nbd2 O-O 5.a3 Be7 6.e4 d5 7.e5 Nfd7 8.Bd3 c5
9.h4 g6 10.h5 cxd4 11.hxg6 fxg6 12.Qc2 Qe8 13.O-O Nc6 14.Re1 a5 15.cxd5 
exd5 16.Bb5 Nc5 17.Nb3 Bf5 18.Qd1 Bg4 19.Nbxd4 Ne4 20.Qb3 Nxd4 21.Nxd4 Qf7
22.f3 Nc5 23.Qd1 Ne6 24.Be3 Nxd4 25.Qxd4 Be6 26.Rac1 Rfc8 27.Bd3 Bd8 28.
Qa4 Bd7 29.Bb5 Be6 30.f4 h5 31.Be2 Bh4 32.Red1 Bg3 33.Qd4 Rf8 34.Qb6 Rac8 
35.Bf3 Kh8 36.Rxc8 Rxc8 37.Rc1 Rxc1+ 38.Bxc1 Kg7 39.Be3 h4 40.Kf1 h3 41.
gxh3 Bxf4 42.Bd4 Bxh3+ 43.Ke2 Be6 44.Qxa5 Qd7 45.Qc3 g5 46.Be3 g4 47.Bxf4 
d4 48.Qb4 gxf3+ 49.Kxf3 Qc6+ 50.Kg3 Qd7 51.Kf2 Kf7 52.Bg5 Kg6 53.Bf6 Kf7 
54.Ke1 Bf5 55.Qb3+ Be6 56.Qg3 Kf8 57.Qh4 Bg8 58.Kd2 d3 59.Bg5 Qf5 60.Qb4+ 
Kg7 61.Be3 Qd7 62.Qf4 Qe6 63.Qg5+ Kf7 1-0